Essence of Agriculture Engineering (Record no. 15786)
[ view plain ]
| 000 -LEADER | |
|---|---|
| fixed length control field | 00576nam a22001577a 4500 |
| 003 - CONTROL NUMBER IDENTIFIER | |
| control field | OSt |
| 008 - FIXED-LENGTH DATA ELEMENTS--GENERAL INFORMATION | |
| fixed length control field | 191021b ||||| |||| 00| 0 eng d |
| 020 ## - INTERNATIONAL STANDARD BOOK NUMBER | |
| ISBN | 9789382471585 |
| 082 ## - DEWEY DECIMAL CLASSIFICATION NUMBER | |
| Classification number | 631.3 |
| Item number | PAR/ES |
| 100 ## - MAIN ENTRY--AUTHOR NAME | |
| Personal name | Parmar,Hitesh kumar V. |
| 245 ## - TITLE STATEMENT | |
| Title | Essence of Agriculture Engineering |
| 260 ## - PUBLICATION, DISTRIBUTION, ETC. (IMPRINT) | |
| Place of publication | Delhi |
| Name of publisher | Jaya Publishing House |
| Year of publication | 2014 |
| 300 ## - PHYSICAL DESCRIPTION | |
| Number of Pages | 186 p. |
| 505 ## - FORMATTED CONTENTS NOTE | |
| Formatted contents note | 1. Farm machinery and power engineering. 2. Agriculture processing engineering. 3. Soil and water engineering. 4. Surveying and leveling. 5. Renewable energy engineering. 6. Mathematics. |
| 942 ## - ADDED ENTRY ELEMENTS (KOHA) | |
| Koha item type | Books |
| Withdrawn status | Lost status | Damaged status | Home library | Current library | Shelving location | Date acquired | Full call number | Accession Number | Koha item type |
|---|---|---|---|---|---|---|---|---|---|
| KAUAET | KAUAET | General Stacks | 21/10/2019 | 631.3 PAR/ES | 24853 | Books |
